Numerical Study of Shock Wave Interaction with Protective Stopping with Regard to the Type of its Setting; Applied Mechanics and Materials; Vol. 756 : Mechanical Engineering, Automation and Control Systems (MEACS2014)
| Источник: | Applied Mechanics and Materials: Scientific Journal Vol. 756 : Mechanical Engineering, Automation and Control Systems (MEACS2014).— 2015.— [P. 465-468] |
|---|---|
| Главный автор: | |
| Автор-организация: | |
| Другие авторы: | , |
| Примечания: | Title screen The paper presents a numerical study of the interaction of a shock wave with a protective stopping. It addresses the effect of the type of setting on dangerous stresses emergences under the explosion. The types of setting are evaluated depending on the nature of the load on the sopping. Heavy concrete of B15 grade was taken as the material for evaluation. Режим доступа: по договору с организацией-держателем ресурса |
| Язык: | английский |
| Опубликовано: |
2015
|
| Серии: | Modelling and Numerical Simulation, Algorithms and Mathematical Methods for Applied Problems |
| Предметы: | |
| Online-ссылка: | http://dx.doi.org/10.4028/www.scientific.net/AMM.756.465 |
| Формат: | Электронный ресурс Статья |
| Запись в KOHA: | https://koha.lib.tpu.ru/cgi-bin/koha/opac-detail.pl?biblionumber=641386 |
MARC
| LEADER | 00000nla2a2200000 4500 | ||
|---|---|---|---|
| 001 | 641386 | ||
| 005 | 20231102025137.0 | ||
| 035 | |a (RuTPU)RU\TPU\network\6303 | ||
| 035 | |a RU\TPU\network\6299 | ||
| 090 | |a 641386 | ||
| 100 | |a 20150518a2015 k y0engy50 ba | ||
| 101 | 0 | |a eng | |
| 105 | |a y z 100zy | ||
| 135 | |a drcn ---uucaa | ||
| 181 | 0 | |a i | |
| 182 | 0 | |a b | |
| 200 | 1 | |a Numerical Study of Shock Wave Interaction with Protective Stopping with Regard to the Type of its Setting |f A. E. Baganina, D. Y. Paleev, V. Yu. Beglyakov | |
| 203 | |a Text |c electronic | ||
| 225 | 1 | |a Modelling and Numerical Simulation, Algorithms and Mathematical Methods for Applied Problems | |
| 300 | |a Title screen | ||
| 330 | |a The paper presents a numerical study of the interaction of a shock wave with a protective stopping. It addresses the effect of the type of setting on dangerous stresses emergences under the explosion. The types of setting are evaluated depending on the nature of the load on the sopping. Heavy concrete of B15 grade was taken as the material for evaluation. | ||
| 333 | |a Режим доступа: по договору с организацией-держателем ресурса | ||
| 461 | 0 | |0 (RuTPU)RU\TPU\network\5920 |t Applied Mechanics and Materials |o Scientific Journal | |
| 463 | 0 | |0 (RuTPU)RU\TPU\network\6028 |t Vol. 756 : Mechanical Engineering, Automation and Control Systems (MEACS2014) |o International Conference, 16‐18 October, 2014, Tomsk, Russia |o [proceedings] |f National Research Tomsk Polytechnic University (TPU) |v [P. 465-468] |d 2015 | |
| 610 | 1 | |a электронный ресурс | |
| 610 | 1 | |a труды учёных ТПУ | |
| 610 | 1 | |a бетоны | |
| 610 | 1 | |a взрывы | |
| 610 | 1 | |a безопасность | |
| 610 | 1 | |a ударные волны | |
| 700 | 1 | |a Baganina |b A. E. | |
| 701 | 1 | |a Paleev |b D. Y. | |
| 701 | 1 | |a Beglyakov |b V. Yu. |c specialist in the field of mechanical engineering |c senior lecturer of Yurga technological Institute of Tomsk Polytechnic University |f 1964- |g Vyacheslav Yurievich |2 stltpush |3 (RuTPU)RU\TPU\pers\34628 |9 17990 | |
| 712 | 0 | 2 | |a Национальный исследовательский Томский политехнический университет (ТПУ) |b Юргинский технологический институт (филиал) (ЮТИ) |b Кафедра горно-шахтного оборудования (ГШО) |h 2088 |2 stltpush |3 (RuTPU)RU\TPU\col\18984 |
| 801 | 2 | |a RU |b 63413507 |c 20161229 |g RCR | |
| 856 | 4 | |u http://dx.doi.org/10.4028/www.scientific.net/AMM.756.465 | |
| 942 | |c CF | ||